000
00313nam a2200121 a 4500
008
110426s1974|||| d
245
1
0
_a
Kultúrny rozvoj Slovenska (Retrospektíva do roku 1970)
020
_c
30
044
_a
xo
_c
SK
041
_a
slo
260
_b
Obzor
_a
Bratislava
_c
1974
100
1
_a
Paška, Pavol
999
_c
19176
_d
19176